000 00400nam a2200133Ia 4500
008 220216s9999 xx 000 0 und d
100 _aRamakrishnan T.S.
245 0 _aPowdery mildew of rubber caused by Oidium heveae Steinmaan and its occurrence in South India
260 _bRubber Board Bulletin
_c1956-57
300 _a6-Mar
650 _aOidium heveae
650 _aPowdery mildew
942 _cBS
999 _c50180
_d50180